[Event "Moia op 6th"]
[Site "Moia"]
[Date "2017.10.06"]
[Round "3"]
[White "Cid Moragas, David"]
[Black "Farell Duran, Josep"]
[Result "0-1"]
[WhiteElo "1375"]
[BlackElo "1473"]
[PlyCount "66"]
[EventDate "2017.09.22"]
[EventType "swiss"]
[EventRounds "8"]
[EventCountry "ESP"]
[SourceTitle "CBM 189 Extra"]
[Source "ChessBase"]
[SourceDate "2019.06.03"]
[SourceVersion "1"]
[SourceVersionDate "2019.06.03"]
[SourceQuality "1"]

1. f4 Nf6 2. e3 b6 3. Nf3 Bb7 4. Be2 g6 5. 0-0 Bg7 6. d3 0-0 7. Nbd2 c5 8. c4 d6 9. Re1 Na6 10. a3 Nc7 11. Nf1 Qd7 12. Ng3 h6 13. Rb1 b5 14. b3 a6 15. h3 Rad8 16. Bb2 Ne6 17. b4 bxc4 18. dxc4 Ne4 19. Bxg7 Kxg7 20. Nxe4 Bxe4 21. Rb3 Bc6 22. bxc5 Nxc5 23. Rb6 Rb8 24. Rxb8 Rxb8 25. Qd4+ Kh7 26. Rd1 Qe6 27. Nh2 Rb3 28. Nf1 Rxa3 29. Bg4 Qe4 30. Qxe4 Nxe4 31. Bf3 Nc3 32. Rd4 Bxf3 33. gxf3 Ne2+ 0-1

[Event "Moia op 3rd"]
[Site "Moia"]
[Date "2014.10.17"]
[Round "5"]
[White "Cid Moragas, David"]
[Black "Rodriguez Lloret, Ricard"]
[Result "0-1"]
[WhiteElo "1726"]
[BlackElo "1700"]
[PlyCount "60"]
[EventDate "2014.09.19"]
[EventType "swiss"]
[EventRounds "8"]
[EventCountry "ESP"]
[SourceTitle "EXT 2016"]
[Source "ChessBase"]
[SourceDate "2015.10.08"]
[SourceVersion "1"]
[SourceVersionDate "2015.10.08"]
[SourceQuality "1"]

1. f4 Nf6 2. e3 Nc6 3. Nf3 d5 4. b3 Bf5 5. Bb2 e6 6. Bb5 Bd6 7. Bxc6+ bxc6 8. h3 Qe7 9. Ne5 Bxe5 10. fxe5 Nd7 11. 0-0 Qg5 12. g4 Bg6 13. c4 Nxe5 14. Bxe5 Qxe5 15. Nc3 d4 16. exd4 Qxd4+ 17. Rf2 0-0 18. Qf3 Qb6 19. Raf1 Rad8 20. Kh2 Rd3 21. Qe2 Rfd8 22. Rd1 h5 23. g5 Qd4 24. Nb1 Qd6+ 25. Kg1 Rxh3 26. Rh2 Qd4+ 27. Qf2 Qg4+ 28. Qg2 Qxd1+ 29. Qf1 Qxf1+ 30. Kxf1 Rxh2 0-1

[Event "Moia op 2nd"]
[Site "Moia"]
[Date "2013.10.18"]
[Round "5"]
[White "Arcusa Postils, Eduard"]
[Black "Cid Moragas, David"]
[Result "1-0"]
[WhiteElo "1620"]
[BlackElo "1368"]
[PlyCount "105"]
[EventDate "2013.09.20"]
[EventType "swiss"]
[EventRounds "8"]
[EventCountry "ESP"]
[SourceTitle "EXT 2015"]
[Source "ChessBase"]
[SourceDate "2014.11.20"]
[SourceVersion "1"]
[SourceVersionDate "2014.11.20"]
[SourceQuality "1"]

1. e4 e5 2. Nf3 Nc6 3. d4 exd4 4. Nxd4 Nf6 5. Nxc6 bxc6 6. e5 Qe7 7. Qe2 Nd5 8. c4 Ba6 9. Nd2 Nb4 10. Nf3 c5 11. Qe4 Rd8 12. a3 Nc6 13. Bd3 g6 14. Bd2 Bg7 15. Bc3 0-0 16. 0-0 Bb7 17. Qf4 d6 18. exd6 Rxd6 19. Bxg7 Kxg7 20. Rad1 Qf6 21. Qxf6+ Rxf6 22. Rfe1 Na5 23. Ne5 Re8 24. Nd7 Rxe1+ 25. Rxe1 Re6 26. Rxe6 fxe6 27. Nxc5 Bc8 28. b4 Nc6 29. Nb3 Ne5 30. Be2 Nf7 31. f4 e5 32. g3 exf4 33. gxf4 Nd6 34. Nc5 Kf6 35. Kf2 Kf5 36. Kf3 Bb7+ 37. Nxb7 Nxb7 38. c5 Nd8 39. Bd3+ Kf6 40. Ke4 h6 41. h4 h5 42. Bc4 Ne6 43. Ba6 Ng7 44. Bc8 Ne6 45. a4 Nd8 46. Kd5 Ke7 47. b5 Nf7 48. Kc6 Kd8 49. Bh3 Nh6 50. Kb7 Nf5 51. Bxf5 gxf5 52. c6 Ke7 53. Kxc7 1-0